|
|
|
|
| LEADER |
00000nam0a2200000 4500 |
| 001 |
276453 |
| 005 |
20231101234924.0 |
| 020 |
|
|
|a RU
|b 86-8898
|
| 035 |
|
|
|a (RuTPU)RU\TPU\book\299725
|
| 090 |
|
|
|a 276453
|
| 100 |
|
|
|a 20141122d1986 k y0rusy5003 ca
|
| 101 |
0 |
|
|a rus
|
| 102 |
|
|
|a RU
|
| 105 |
|
|
|a ac z 000zd
|
| 200 |
1 |
|
|a И я ему не могу не верить...
|f Т. К. Гладков, Н. Г. Зайцев
|
| 205 |
|
|
|a 2-е изд., доп.
|
| 210 |
|
|
|a Москва
|c Политиздат
|d 1986
|
| 215 |
|
|
|a 254 с.
|c ил.
|
| 606 |
1 |
|
|a Государственная безопасность
|x Право
|2 stltpush
|3 (RuTPU)RU\TPU\subj\72826
|9 86215
|
| 606 |
1 |
|
|a Персоналии деятелей КПСС
|x История
|2 stltpush
|3 (RuTPU)RU\TPU\subj\48642
|9 67493
|
| 610 |
1 |
|
|a органы
|
| 610 |
1 |
|
|a ВЧК
|
| 610 |
1 |
|
|a ОГПУ
|
| 610 |
1 |
|
|a контрреволюция
|
| 610 |
1 |
|
|a чекисты
|
| 610 |
1 |
|
|a история
|
| 610 |
1 |
|
|a 20 век
|
| 610 |
1 |
|
|a КПСС
|
| 686 |
|
|
|a Х621.162
|2 rubbk
|
| 686 |
|
|
|a Ф61(2)8
|2 rubbk
|
| 700 |
|
1 |
|a Гладков
|b Т. К.
|g Теодор Кириллович
|4 070
|
| 701 |
|
1 |
|a Зайцев
|b Н. Г.
|g Николай Григорьевич
|4 070
|
| 801 |
|
0 |
|a RU
|b RuMRKP
|c 19950704
|g psbo
|
| 801 |
|
1 |
|a RU
|b 63413507
|c 20141122
|
| 801 |
|
2 |
|a RU
|b 63413507
|c 20160114
|g RCR
|
| 942 |
|
|
|c BK
|